000 00490nam a2200145Ia 4500
003 OSt
005 20260127112546.0
008 211028s2017 xx 000 0 und d
040 _cAIMIT LIBRARY
041 _aeng
100 _aKumar, Rahul; Kudtarkar; Ravi.
_g1516111
_97686
245 _aStudy on impact of discount offers and outlet space on customer buying behaviour with special reference to Udaya kitchen next Udupi /
260 _aMangalore
_bDivya Pereira
_c2017
942 _2ddc
_cPRO
999 _c219254
_d219254